000 00315nam a22001337a 4500
003 SGT
020 _a0-07-096358-4
082 _a642.6
_bAND
100 _aANDREWS, SUDHIR
245 _aFOOD AND BEVERAGE SERVICE TRAINING MANAGEMENT
260 _aDELHI
_bTATAMC GRAW HILL
_c1995
300 _a192
942 _2ddc
_cBK
999 _c22734
_d22734